000 00227nam a2200097Ia 4500
001 644403
005 20250826153604.0
008 250824s9999 xx 000 0 und d
245 0 _aUÇAN DALGALAR
_cMEHMET ATİLLA
260 _bTUDEM
999 _c644403
_d644403